000 00734nam a22002417a 4500
005 20260127120306.0
010 _aENG-129629 ENG-144589 ENG-147670
020 _a978-93-88658-27-0
_c250.00
020 _c275.00
020 _c300.00
035 _aEN-113161
035 _aEN-131202
035 _aEN-128121
037 _bDBAD/PUB
082 _a320.50954
100 _aGauba, O.P.
_986851
245 _aIndian Political Thought/
_cO.P. Gauba
250 _a4th
260 _aNew Delhi
_bNational Paperbacks
_c2019.2024(REP)
270 _a4230/1, Ansari Road, Darya Ganj,
_bNew Delhi
_e110002
_mnationalpaperbacks2018@gmail.com
_k011-41040710
300 _a210p.
_c24cm(pbk)
942 _2ddc
_cEN
_h320.50954
_mGAU
999 _c180068
_d180068